000 00216nam a22000857a 4500
008 170210b xxu||||| |||| 00| 0 eng d
100 _92859
_aSharma V. D
245 _aPhysical Education
260 _aNew Delhi
_bArichal
_c2008
999 _c6079
_d6079